00157nam a2200073Ia 4500008004100000020000600041100002100047245001500068211105s9999 xx 000 0 und d a" a BROWN, Sandra  0aWhite hot